Normal view
MARC view
- S.M.Roberts
Entry Personal Name
001 - CONTROL NUMBER
- control field: 54188
003 - CONTROL NUMBER IDENTIFIER
- control field: NUST
005 - DATE AND TIME OF LATEST TRANSACTION
- control field: 20210421115916.0
008 - FIXED-LENGTH DATA ELEMENTS
- fixed length control field: 210421|| aca||aabn | a|a d
040 ## - CATALOGING SOURCE
- Original cataloging agency: NUST
- Transcribing agency: NUST
100 ## - HEADING--PERSONAL NAME
- Personal name: S.M.Roberts
670 ## - SOURCE DATA FOUND
- Source citation: Work cat.: (NUST): S.M.Roberts, Biocatalysts for fine Chemicals Synthesis, 1999
